Ứng dụng phương pháp phần tử hữu hạn trong tính toán kỹ thuật

Saved in:
Bibliographic Details
Corporate Author: Nội dung trình bày những vấn đề cơ sở phương pháp phẩn tử hữu hạn với ngôn ngữ lập trình kỹ thuật Matlab, nhằm ứng dụng vào việc mô hình hóa và tính toán các kết cấu và các bài toán cơ học môi trường liên tục
Language:Undetermined
Published: Tp. Hồ Chí Minh Đại học Quốc gia Tp. Hồ Chí Minh 2008
Subjects:
Tags: Add Tag
No Tags, Be the first to tag this record!
Institutions: Trung tâm Học liệu Trường Đại học Trà Vinh
LEADER 00758nam a2200145Ia 4500
001 TVU_1321
008 210423s9999 xx 000 0 und d
041 |a Vie 
245 0 |a Ứng dụng phương pháp phần tử hữu hạn trong tính toán kỹ thuật 
260 |a Tp. Hồ Chí Minh 
260 |b Đại học Quốc gia Tp. Hồ Chí Minh 
260 |c 2008 
650 |a Phương pháp phần tử hữu hạn 
710 |a Nội dung trình bày những vấn đề cơ sở phương pháp phẩn tử hữu hạn với ngôn ngữ lập trình kỹ thuật Matlab, nhằm ứng dụng vào việc mô hình hóa và tính toán các kết cấu và các bài toán cơ học môi trường liên tục 
980 |a Trung tâm Học liệu Trường Đại học Trà Vinh